000
00343pab a2200145 454500
008
180718b1988 xxu||||| |||| 00| 0 eng d
100
_a
Bagchi, Amiya Kumar
245
_a
Historicizing the problems of socialism
260
_c
1988
300
_a
63-8
362
_a
Oct.
650
_a
Socialism
773
_a
Social Scientist
909
_a
18382
999
_c
18382
_d
18382